Türkiye borders by capital - Statistics

General Stats
  • This quiz has been taken 42 times
  • The average score is 6 of 9
Answers on the Map
Answers color-coded by a green-red scale on the quiz's map according to % correct below.
 
Answer Stats
Answer % Correct
Baku
86%
Athens
75%
Sofia
75%
Tehran
69%
Baghdad
67%
Tbilisi
67%
Yerevan
67%
Ankara
61%
Damascus
61%
No matching quizzes found
Score Distribution
Percent of People with Each Score
Percentile by Number Answered
Your Score History
You have not taken this quiz